000 00629nam a2200181 a 4500
008 120416s1991 ||||||||||||||||| || u
020 _a0821319833
050 _aIBRD(06)OED/1991/1
110 _aWorld Bank
245 1 0 _aForestry: the World Bank's experience
260 _aWashington, D.C.
_bWorld Bank
_c1991
300 _axx, 49p. : ill.
350 _a0.00
490 _aWorld Bank Operations Evaluation Department (OED)
650 _aWORLD BANK
650 _aFORESTRY
995 _D0.00
_FCBU-MAIN LIBRARY (Kitwe)
_H1
_I20.00
_M1
_UAVAILABLE
_ZInternational Publications
999 _c43801
_d43801